| 000 | 00963nam a2200229Ia 4500 | ||
|---|---|---|---|
| 003 | OSt | ||
| 005 | 20211112150125.0 | ||
| 008 | 210310s1941 ck gr 000 0 spa d | ||
| 040 |
_aCO-JMCR _cCO-JMCR |
||
| 041 | 0 | _aspa | |
| 082 | 0 | 4 |
_a336.240986 / _bA472t _223 |
| 100 | 1 |
_aAlvarado, Manuel A., _eautor _928949 |
|
| 245 | 1 | 0 |
_aTratado de ciencia tributaria : _bteoría y legislación comparada. Reforma colombiana de 1935. Con un apéndice que contiene las leyes orgánicas del impuesto colombiano y sus reglamentos / _cManuel A. Alvarado |
| 260 |
_aBogotá : _bSiglo XXI, _c1941. |
||
| 300 |
_a501 páginas ; _c24 cm. |
||
| 504 | _aBibliografía : páginas 501. | ||
| 505 | 0 | _aPostulados generales de imposición. -- Impuesto sobre la renta. | |
| 650 | 1 | 4 |
_aOrganización administrativa _xImpuestos _941518 |
| 650 | 2 | 4 |
_aDecretos reglamentarios _xImpuestos _zColombia _941519 |
| 650 | 2 | 4 |
_aLeyes orgánicas de impuestos _zColombia _941520 |
| 942 |
_2ddc _cBK |
||
| 999 |
_c12690 _d12690 |
||